| 000 | 00711nam a2200205Ia 4500 | ||
|---|---|---|---|
| 003 | GCL | ||
| 008 | 140319s9999 xx 000 0 ara d | ||
| 040 |
_aGCL / _cGCL |
||
| 082 | 0 | 4 |
_a341.23 _bط ه |
| 100 | 1 | _aطلال محمد نور عطار | |
| 245 | 1 | 0 |
_aهيئة الامم المتحدة منذ النشاة وحتى اليوم / _cطلال محمد نور عطار |
| 260 |
_a[S.N] : _bلجنة الاعلام والدراسات المستقبلية ، _c1993 |
||
| 300 | _a193 ص | ||
| 490 | _a | ||
| 650 | 0 | 4 | _aالسياسة الدولية |
| 650 | 0 | 4 | _aالامم المتحدة |
| 650 | 0 | 4 | _aالمنازعات الدولية |
| 650 | 0 | 4 | _aالمنظمات الدولية |
| 942 |
_2ddc _cBK |
||
| 999 |
_c30430 _d30430 |
||